000 01293nab a22002417a 4500
999 _c6547
_d6547
003 OSt
005 20260223135221.0
008 190506c xxu||||| |||| 00| 0 spa d
040 _cPJ
100 _97135
_aFantini, Alberto
245 1 0 _aGénero y ambiente en la Argentina. Plan de adaptación y mitigación para el cambio climático en la Argentina /
_cAlberto Fantini.
260 _aBuenos Aires :
_bAbeledoPerrot,
_c2024.
300 _ap. 3-8
500 _aCita: TR LALEY AR/DOC/1018/2024.
505 _aSumario: I. Introducción.— II. Ley 27.270: de aprobación del acuerdo de París de 2015.— III. Ley 27.520 de presupuestos mínimos de adaptación y mitigación al cambio climático global.— IV. Incorporación del enfoque de género.— V. Líneas estratégicas.— VI. Enfoques transversales.— VII. Líneas de acción.— VIII. Conclusiones.
505 _t¿Te interesa el texto completo? Comunicate al correo: koha@justierradelfuego.gov.ar
650 0 _91316
_aDERECHO LABORAL
650 0 _92848
_aDERECHO AMBIENTAL
650 0 _94044
_aPERSPECTIVA DE GÉNERO
650 0 _94925
_aORGANIZACION INTERNACIONAL DEL TRABAJO
773 0 _02751
_93202
_dBuenos Aires : AbeledoPerrot, 2013-
_tRevista de derecho laboral y seguridad social. Nº 11 - Junio 2024
942 _2udc
_cANA